000 00307nam a22001337a 4500
008 170530b xxu||||| |||| 00| 0 eng d
020 _a9781590844151
041 _aeng
080 _a94
100 _a17
101 _aSHH
245 _aPROTECTING THE NATION WITH THE U.S NAVY
_cMC NAB,CH
942 _2udc
_cBK
999 _c15028
_d15028